Taylor Swift Songs Beginning With "W" - Statistics

General Stats
  • This quiz has been taken 78 times
    61 since last reset
  • The average score is 6 of 11
Answer Stats
Songs % Correct
Wonderland
76%
When Emma Falls In Love
61%
Who's Afraid Of Little Old Me?
61%
We Are Never Ever Getting Back Together
55%
Welcome To New York
55%
Wildest Dreams
55%
willow
55%
Would've, Could've, Should've
55%
We Were Happy
47%
White Horse
47%
The Way I Loved You
37%
No matching quizzes found
Score Distribution
Percent of People with Each Score
Percentile by Number Answered
Your Score History
You have not taken this quiz since the last reset